Get Rid of BO Quiz Stats

Quiz Updated Feb 20, 2015

Also try: Add an Ending
Challenge
Share
Tweet
Embed
Score 0/20 Timer 03:00
2 Plays Today
% Correct
GUMBO
96.7%
BOUNDER
95.4%
BORAGE
94.7%
GAZEBOS
94.2%
ABORT
94%
PLACEBO
92.5%
RIBOSE
89.4%
NABOB
88.9%
BELLBOY
88.6%
VERBOSE
86%
% Correct
BODICES
85.8%
CARBONATION
84.7%
FOOTBOY
83.6%
OBOVATE
77.6%
RUBOFF
77.3%
NEWSBOY
76.9%
FORBODING
73.7%
ABOVE
71.4%
KIBOSH
44.5%
YOBBOS
39.9%

You're not logged in!

Compare scores with friends on all Sporcle quizzes.
Sign Up with Email
OR
Log In

You Might Also Like...

Show Comments

Extras

Top Quizzes Today


Score Distribution

Your Account Isn't Verified!

In order to create a playlist on Sporcle, you need to verify the email address you used during registration. Go to your Sporcle Settings to finish the process.